| 000 | 00681nam a22002297a 4500 | ||
|---|---|---|---|
| 005 | 20160728150536.0 | ||
| 008 | 091006t xxu||||| |||| 00| 0 eng d | ||
| 010 | _aENG-95086 | ||
| 020 |
_a8173815801 _c285.00 |
||
| 035 | _aEN-78619 | ||
| 037 | _bDBAD/PUB | ||
| 040 |
_aDPL _bENG |
||
| 082 | _a540 | ||
| 100 | _aRay, Bidhan Chandra | ||
| 245 |
_aGeneral and inorganic chemistry _cby Bidhan Chandra Ray _hENG |
||
| 260 |
_aKolkata _bNew Central Book Agency (P) Ltd _c2008 |
||
| 270 |
_a8/1, Chintamoni Das Lane _bKolkata _e700009 |
||
| 300 |
_avii, 246p _c23cm(Pbk) |
||
| 650 | _aChemistry | ||
| 650 | _aChemistry, Inorganic | ||
| 942 |
_2ddc _cEN _mROY _h540 |
||
| 999 |
_c30820 _d30820 |
||